Music Quiz

Random Music Quiz

Heavy Metal 101 (pictures) Quiz Stats

Quiz not verified by Sporcle

Also try: The Accordion Quiz
Challenge
Share
Tweet
Score 0/26 Timer 13:00
0 Plays Today
% Correct
Iron Maiden
92.2%
Alice Cooper
90.3%
Judas Priest
89.5%
Slipknot
88.7%
Megadeth
87.9%
Metallica
86.4%
Motorhead
84.9%
Black Sabbath
75.4%
Pantera
74.6%
Tenacious D
72.9%
Anthrax
72.1%
Motley Crue
71.8%
Rob Zombie
69.9%
% Correct
Limp Bizkit
50.1%
Slayer
48.6%
Misfits
47.5%
Led Zeppelin
44.4%
Van Halen
39.7%
Sepultura
39.1%
Opeth
38.1%
Cradle of Filth
34.3%
Celtic Frost
26.1%
Guns and Roses
22.4%
Deicide
21.8%
Korn
14.1%
Volbeat
10.2%

You're not logged in!

Compare scores with friends on all Sporcle quizzes.
Sign Up with Email
OR
Log In

You Might Also Like...

Show Comments

Extras

Top Quizzes Today


Score Distribution

Your Account Isn't Verified!

In order to create a playlist on Sporcle, you need to verify the email address you used during registration. Go to your Sporcle Settings to finish the process.